Datum a čas kvízu
28.5
Celkem bodů
Celkový počet nahraných bodů na tomto kvízu bez doplňovacích otázek.
5.
Pořadí na kvízu
Konečné umístění týmu na tomto kvízu.
Zaznamenané odpovědi
| # | Otázka | Odpověď | Body | Výsledky |
|---|---|---|---|---|
| 1. | Policie prověřuje bývalého šéf... | Robert Šlachta | 1 | |
| 2. | V kalifornském Údolí smrti byl... | 54 °C | 1 | |
| 3. | Ve čtvrtek byl českým divákům... | Agnieszka Hollandová | 1 | |
| 4. | V úterý byl v Praze na Vltavě... | První český dům vytvořený technologií 3D tisku. | 0 | |
| 5. | Jeden český hokejový klub zmod... | Dynamo Pardubice | 0 | |
| 6. | Začneme u nás, konkrétně drama... | Kat a blázen | 0 | |
| 7. | Jak se jmenují tři sestry ve s... | C | 0 | |
| 8. | William Shakespeare pochopitel... | George Bernard Shaw | 0 | |
| 9. | Nyní se podíváme na divadlo ja... | provaziště | 0 | |
| 10. | Jak se jmenuje veleúspěšná hra... | Hrdý Budžes | 0 |